| 000 | 00853nam a2200217 a 4500 | ||
|---|---|---|---|
| 001 | 000009991 | ||
| 005 | 20240412074214.0 | ||
| 008 | 091002t2002 dr 001 p spa d | ||
| 040 |
_aDO-SdBNP _bspa _cBNPHU |
||
| 082 |
_aRD861.44 _bP579m |
||
| 100 | 1 |
_aPiña, Jorge, _d1959- _924936 |
|
| 245 | 1 | 0 |
_aMetapoesías : _bantología / _cJorge Piña. |
| 260 |
_aSanto Domingo : _bBúho, _c2002. |
||
| 300 |
_a138 p. ; _c22 cm. |
||
| 500 | _aIncluye datos biográficos del autor en la solapa de la cubierta. | ||
| 505 | 0 |
_gPrólogo -- _tLa pasión de los sueños -- _tAndrógino ciego (metapoesía) -- _tMetaoníricas (metapoesía) -- _gEpílogos -- _tPara una ontología de la palabra -- _tMetapoética. |
|
| 590 | _aInventariado, 2019/LP | ||
| 650 | 0 |
_aPoesía dominicana _966 |
|
| 650 | 0 |
_aLiteratura dominicana. _967 |
|
| 910 | _aValidado. Control de calidad EMS. | ||
| 999 |
_c9750 _d9750 |
||